| 000 | 00581nam a22002177a 4500 | ||
|---|---|---|---|
| 003 | OSt | ||
| 005 | 20140310184258.0 | ||
| 008 | 121112t xxu||||| |||| 00| 0 eng d | ||
| 020 | _a0439679346 | ||
| 050 |
_aPZ 7 _b.F954 2004 |
||
| 100 |
_aFuerst, Jeffrey B. _922948 |
||
| 245 |
_aMonster Mash : _bThe Wild World of Monster Trucks / _cJeffrey B. Fuerst |
||
| 260 |
_aNew York : _bScholastic Inc, _c2004. |
||
| 300 |
_a24 p. : _bcol. ill. ; _c21 cm. |
||
| 521 | _aG2 | ||
| 526 | _c470 | ||
| 942 |
_2lcc _cBK-SCHOLAS |
||
| 999 |
_c33429 _d33429 |
||